Central Library OPAC University of Rajshahi

Sexual deviation / (Record no. 32289)

MARC details
000 -LEADER
fixed length control field 00744cam a22002651 4500
001 - CONTROL NUMBER
control field 32289
003 - CONTROL NUMBER IDENTIFIER
rucl marc code BD-RjUL
005 - DATE AND TIME OF LATEST TRANSACTION
control field 20211209051819.0
008 - FIXED-LENGTH DATA ELEMENTS--GENERAL INFORMATION
fixed length control field 140424r19751964mdu b 001 0 eng d
035 ## - SYSTEM CONTROL NUMBER
System control number (BD-RjUL)32378
System control number (OCoLC)177005
040 ## - CATALOGING SOURCE
Original cataloging agency DLC
Transcribing agency OHirC
Modifying agency OCoLC
-- Uk
-- DLC
-- BD-RjUL
Language of cataloging eng
041 ## - LANGUAGE CODE
Language code of text/sound track or separate title eng
082 00 - DEWEY DECIMAL CLASSIFICATION NUMBER
Classification number 616.8583
Author mark and year STS 1975
100 1# - MAIN ENTRY--PERSONAL NAME
Personal name Storr, Anthony.
9 (RLIN) 98229
245 10 - TITLE STATEMENT
Title Sexual deviation /
Statement of responsibility, etc. Anthony Storr
260 ## - PUBLICATION, DISTRIBUTION, ETC. (IMPRINT)
Place of publication, distribution, etc. Baltimore :
Name of publisher, distributor, etc. Penguin Books ,
Date of publication, distribution, etc. 1964 [Reprinted 1975]
300 ## - PHYSICAL DESCRIPTION
Pagination 139 p. ;
Size 18 cm.
490 0# - SERIES STATEMENT
Series statement Pelican books,
Volume/sequential designation A649
504 ## - BIBLIOGRAPHY, ETC. NOTE
Bibliography, etc Bibliography: p. 133-134. and Index
650 #0 - SUBJECT ADDED ENTRY--TOPICAL TERM
Topical term or geographic name as entry element Paraphilias.
9 (RLIN) 90961
942 ## - ADDED ENTRY ELEMENTS (KOHA)
Source of classification or shelving scheme Dewey Decimal Classification
Koha item type Books
Holdings
Lost status Source of classification or shelving scheme Damaged status Not for loan Collection code Permanent Location Current Location Shelving location Date acquired Source of acquisition Cost, normal purchase price Total Checkouts Full call number Date last seen Copy number Koha item type
  Dewey Decimal Classification     Non-fiction Central Library, University of Rajshahi Central Library, University of Rajshahi   11/05/1977 Heffer and Sons 0.60   616.8583 STS 1975 24/04/2014 C-2 Books